<?xml version="1.0" encoding="UTF-8"?>
<collection xmlns="http://www.loc.gov/MARC21/slim">
 <record>
  <leader>01064nam a2200241 a 4500</leader>
  <controlfield tag="001">TVCDKTCT81113</controlfield>
  <controlfield tag="003">TVCĐKTCT</controlfield>
  <controlfield tag="005">20151224090530.9</controlfield>
  <controlfield tag="008">151224syyyy    vn                       </controlfield>
  <datafield tag="980" ind1="\" ind2="\">
   <subfield code="a">Thư viện Trường CĐ Kỹ Thuật Cao Thắng</subfield>
  </datafield>
  <datafield tag="024" ind1=" " ind2=" ">
   <subfield code="a">RG_1 #1 eb0</subfield>
  </datafield>
  <datafield tag="020" ind1="#" ind2="#">
   <subfield code="a">9786049385711 </subfield>
  </datafield>
  <datafield tag="041" ind1="0" ind2="#">
   <subfield code="a">vie</subfield>
  </datafield>
  <datafield tag="082" ind1="#" ind2="#">
   <subfield code="a">629.8 </subfield>
   <subfield code="b">Đ309K</subfield>
  </datafield>
  <datafield tag="100" ind1="1" ind2="#">
   <subfield code="a">Phan Xuân Minh </subfield>
  </datafield>
  <datafield tag="245" ind1="1" ind2="0">
   <subfield code="a">Điều khiển với Simatic S7-300 / </subfield>
   <subfield code="c">Phan Xuân Minh, Nguyễn Doãn Phước</subfield>
  </datafield>
  <datafield tag="260" ind1="#" ind2="#">
   <subfield code="a">H. : </subfield>
   <subfield code="b">Bách KHoa Hà Nội, </subfield>
   <subfield code="c">2015</subfield>
  </datafield>
  <datafield tag="300" ind1=" " ind2=" ">
   <subfield code="a">252 tr. ; </subfield>
   <subfield code="c">24 cm</subfield>
  </datafield>
  <datafield tag="520" ind1="#" ind2="#">
   <subfield code="a">Điều khiển với SIMATIC S7-300 được viết với nhiều thay đổi về cấu trúc, bổ sung nội dung cho phù hợp hơn nữa với thực tế và yêu cầu mở rộng miền ứng dụng.  Nội dung cuốn sách gồm 6 phần</subfield>
  </datafield>
  <datafield tag="541" ind1="#" ind2="#">
   <subfield code="a">Mua</subfield>
  </datafield>
  <datafield tag="650" ind1="#" ind2="4">
   <subfield code="a">Điều khiển tự động</subfield>
  </datafield>
  <datafield tag="650" ind1=" " ind2=" ">
   <subfield code="a">Phần mềm Simatic S7</subfield>
  </datafield>
  <datafield tag="653" ind1="#" ind2="#">
   <subfield code="a">Điều khiển mở</subfield>
  </datafield>
 </record>
</collection>
